| Tag |
First Indicator |
Second Indicator |
Subfields |
| LEADER |
00000cam a2200000 4500 |
| 001 |
in00000040236 |
| 005 |
20151007072401.0 |
| 008 |
800605s1949 ne a b 00000 dut |
| 010 |
|
|
|a 50021227
|
| 035 |
|
|
|a (OCoLC)06392332
|
| 035 |
|
|
|9 AAE7777AM
|
| 040 |
|
|
|a DLC
|c TXA
|d UtOrBLW
|
| 049 |
|
|
|a TXAM
|c [370845]
|
| 050 |
|
0 |
|a TA467
|b .V4
|
| 082 |
0 |
|
|a 620.1122
|
| 092 |
|
|
|a 620.1122
|b V418c, 1949
|
| 100 |
1 |
|
|a Veen, Harry van der.
|
| 245 |
1 |
0 |
|a Corrosie.
|
| 264 |
|
1 |
|a Delft :
|b Waltman,
|c 1949.
|
| 300 |
|
|
|a 365 pages :
|b illustrations ;
|c 25 cm.
|
| 336 |
|
|
|a text
|b txt
|2 rdacontent
|
| 337 |
|
|
|a unmediated
|b n
|2 rdamedia
|
| 338 |
|
|
|a volume
|b nc
|2 rdacarrier
|
| 504 |
|
|
|a Bibliographical footnotes.
|
| 650 |
|
0 |
|a Corrosion and anti-corrosives.
|
| 650 |
|
0 |
|a Paint.
|
| 999 |
|
|
|a MARS
|
| 999 |
f |
f |
|s a2e3c4fe-b8c4-3ec4-aa62-343f1d17e18d
|i 71b1e33a-d45b-3a82-b70c-529961946a5a
|t 0
|
| 952 |
f |
f |
|p ric
|a Texas A&M University
|b Rellis Campus
|c Joint Library Facility
|d Remote Storage
|t 0
|e TA467 .V4
|h Library of Congress classification
|i unmediated -- volume
|m A14801032235
|
| 998 |
f |
f |
|a TA467 .V4
|t 0
|l Remote Storage
|